Statistics for Beer and Beer Brewing Multiple Choice

Click here to take the quiz!

General Stats

  • This quiz has been taken 171 times
  • The average score is 6 of 15

Answer Stats

QuestionAnswer% Correct
American prohibition was in effect for which time period?1920-1933
69%
Beer made with top fermenting yeast is called:Ale
63%
Brewers measure the specific gravity of beer to determine what?Alcohol content
52%
Alt Bier is a style associated with which city?Düsseldorf
47%
What do you call the white traces of foam left in a finished glass of beer?Belgian lace
39%
Which one is not a Hop varietal?Black Patent
39%
Which device is used to measure the specific gravity of beer?Hydrometer
39%
Which one is not a Lambic Beer?Noisette
37%
Which is not a scientific name for one of the three basic ingredients in beer brewing: barley, hops, and yeast?Corvus corax
35%
What is the term for the scientific study of fermentation?Zymology
35%
Where is the world's oldest continuously operating brewery located?Weihenstephan, Germany
34%
Which US state has the largest number of craft breweries per capita (adult population)?Vermont
32%
Which spice is widely used for brewing Belgian Wit/Blanche beer?Coriander
31%
What is the process of separating fermentable sugars from grain husks after mashing?Lautering
31%
Which beer is considered an authentic Belgian Trappist beer?Chimay
28%

Score Distribution

Percentile by Number Answered

Percent of People with Each Score

Your Score History

You have not taken this quiz